00986nam a2200277Ia 450000500170000000800410001702000180005810000280007624500880010425000220019230000260021449000190024052000600025953400480031965000430036765000470041065000280045765000290048570000320051426400280054633600270057433700330060133800280063404000350066208400110069720220316235951.0141031s2010 sp g 000 f spa  a97884376174281 aTwain, Mark,d1835-191010aUn yanqui en la corte del rey Arturo cMark Twain ; traducción de Elizabeth Power aSegunda edición a447 páginasc20 cm. aTus librosv89 aEs una sátira a la opresión en la Inglaterra feudal tA Connecticut yankee in king Arthur's court142LEMBaNovela estadounidenseySiglo XIX142LEMBaLiteratura estadounidenseySiglo XIX142LEMBaSátira vNovela142LEMBaFeudalismovNovela1 aPower, Elizabethetraductor aMadridbCátedrac2010 atextobtxt2rdacontent asin mediaciónbn2rdamedia avolumenbnc2rdacarrier aCO-BoRNBPbspaerdacCO-BoRNBP aN TWA1